000 00503nam a2200181Ia 4500
001 16732
005 20260306170332.0
008 260306t1994||||xx |||||||||||||| ||und||
041 _aESP
082 _a349.715C2
_bC73
100 _aBenlloch Poveda, Antonio
_eAUT
245 0 _aCódigo de derecho canónico:
_bedición bilingue, fuentes y comentarios de todos los cánones
260 _c1994
300 _axl, 822 páginas :
_c24 cm.
650 _aGEN
654 _aCDE
942 _cLIB
_dJUS
_fJUS
_2ddc
_n
999 _c16732
_d16732